| 000 | 00355nam a2200145Ia 4500 | ||
|---|---|---|---|
| 008 | 230917s9999||||xx |||||||||||||| ||und|| | ||
| 040 |
_e80526 _aMAIN |
||
| 041 | _aEnglish | ||
| 082 | _a345 M687C | ||
| 100 | _aMishra, R C | ||
| 245 | 0 | _aCrime trends and criminal justice | |
| 260 |
_aDelhi _bAuthors Press _c2001 |
||
| 300 | _aix, 303 p. | ||
| 942 | _cBK | ||
| 999 |
_c108050 _d108050 |
||